000 00660nam a2200205 a 4500
005 20140412111350.0
008 050426s19uu xx 00 eng d
020 _a0-02-660939-8
050 _aTR(GS 372.4
_bH34 2000
100 _aHerzoff, Karen
245 _aThe high street parade :
_bdecodable book /
_cby Karen Herzoff ; illustrated by Gary Undercuffler.
260 _aColumbus, Ohio :
_bSRA/McGraw-Hill,
_c2000.
300 _a16 p. ; ill.
440 _aSRA Open Court Reading
500 _aLevel C, Set 1, Book 10
650 _aReading
_xPhonetics
_xJuvenile literature
650 _aParade
_xFiction
650 _aChildren stories
999 _c105304
_d105304